[Event "Kragero op"]
[Site "Kragero"]
[Date "2022.02.25"]
[Round "5"]
[White "Ostensen, Nicolai Maxime"]
[Black "Strand, Amund Pihl"]
[Result "1-0"]
[WhiteElo "1728"]
[BlackElo "1748"]
[PlyCount "85"]
[EventDate "2022.02.23"]
[EventType "swiss"]
[EventRounds "9"]
[EventCountry "NOR"]
[SourceTitle "EXT 2023"]
[Source "ChessBase"]
[SourceDate "2022.10.05"]
[SourceVersion "1"]
[SourceVersionDate "2022.10.05"]
[SourceQuality "1"]

1. c4 c5 2. Nc3 Nc6 3. g3 g6 4. Bg2 Bg7 5. a3 d6 6. e3 Nf6 7. Nge2 0-0 8. 0-0 e6 9. Nf4 Ne7 10. b4 cxb4 11. axb4 d5 12. c5 Ne4 13. Bb2 Nxc3 14. Bxc3 Bxc3 15. dxc3 b6 16. Nd3 a5 17. Qb3 b5 18. Rfd1 a4 19. Qa2 Bb7 20. Rd2 Qc7 21. Rad1 Rad8 22. Nf4 Nc6 23. Nd3 Rd7 24. f4 Rfd8 25. Nf2 f5 26. Nh3 h6 27. Nf2 Kf7 28. Rd3 Ne7 29. R3d2 Ng8 30. Nd3 Nf6 31. Ne5+ Kg7 32. Nxd7 Rxd7 33. Qa1 Kf7 34. h3 Bc6 35. Kh2 Ne4 36. Bxe4 dxe4 37. Rxd7+ Bxd7 38. Rd6 Bc6 39. c4 bxc4 40. Qh8 Qb7 41. Qh7+ Kf6 42. Qh8+ Kf7 43. Rd8 1-0

[Event "Kragero op-B"]
[Site "Kragero"]
[Date "2020.02.22"]
[Round "7"]
[White "Shehzad, Alisha"]
[Black "Strand, Amund Pihl"]
[Result "0-1"]
[WhiteElo "1705"]
[BlackElo "1806"]
[PlyCount "108"]
[EventDate "2020.02.19"]
[EventType "swiss"]
[EventRounds "9"]
[EventCountry "NOR"]
[SourceTitle "CBM 195 Extra"]
[Source "ChessBase"]
[SourceDate "2020.05.31"]
[SourceVersion "1"]
[SourceVersionDate "2020.05.31"]
[SourceQuality "1"]

1. e4 c5 2. Nf3 e6 3. d4 cxd4 4. Nxd4 a6 5. g3 b5 6. Bg2 Bb7 7. a3 Nf6 8. Nc3 Qc7 9. 0-0 d6 10. Be3 Be7 11. Qe2 0-0 12. Rad1 Nbd7 13. Nb3 Ne5 14. Bc1 Nc4 15. Rd3 Nd7 16. f4 Rfd8 17. Kh1 Bc6 18. Nd4 Bb7 19. b3 Ncb6 20. Bb2 Bf6 21. Ba1 Qc5 22. Rfd1 Qxa3 23. Qe1 Qc5 24. g4 Be7 25. f5 e5 26. Nf3 b4 27. Na2 Nf6 28. Nd2 Nxg4 29. Rf3 a5 30. h3 Nf6 31. c4 a4 32. Nc1 axb3 33. Ncxb3 Qc6 34. Rg3 Na4 35. Qg1 Qb6 36. Qh2 Nc3 37. Bxc3 bxc3 38. Rxc3 Bc6 39. Rg1 Bf8 40. h4 Ra2 41. Qg3 Kh8 42. Bf3 Rda8 43. Qh3 Rb2 44. Bg2 Raa2 45. h5 h6 46. Rg3 Ba4 47. Bf1 Bxb3 48. Rxb3 Rxb3 49. Nxb3 Qf2 50. Bg2 Ra3 51. Rb1 Qc2 52. Ra1 Rxb3 53. Qh2 Rb1+ 54. Rxb1 Qxb1+ 0-1

[Event "Kragero op-B"]
[Site "Kragero"]
[Date "2020.02.21"]
[Round "6"]
[White "Strand, Amund Pihl"]
[Black "Berg, Thomas1111"]
[Result "1-0"]
[WhiteElo "1806"]
[BlackElo "1636"]
[PlyCount "67"]
[EventDate "2020.02.19"]
[EventType "swiss"]
[EventRounds "9"]
[EventCountry "NOR"]
[SourceTitle "CBM 195 Extra"]
[Source "ChessBase"]
[SourceDate "2020.05.31"]
[SourceVersion "1"]
[SourceVersionDate "2020.05.31"]
[SourceQuality "1"]

1. d4 f5 2. Nf3 Nf6 3. e3 g6 4. b3 Bg7 5. Bd3 0-0 6. Bb2 b6 7. c4 Bb7 8. 0-0 e6 9. Qe2 d6 10. Nc3 h6 11. Rad1 d5 12. Ne5 Kh7 13. Bb1 Nbd7 14. Nd3 a5 15. f3 c6 16. Nf2 Qe7 17. e4 Rae8 18. Rfe1 Qf7 19. e5 Nh5 20. Qd2 Qe7 21. cxd5 exd5 22. Nh3 Qe6 23. Ba3 Rg8 24. Re2 Ba6 25. Rf2 Bf8 26. Bxf8 Rexf8 27. Nf4 Nxf4 28. Qxf4 b5 29. Bd3 Bb7 30. Qd2 Kg7 31. Ne2 Ra8 32. Nf4 Qe8 33. g4 Qf8 34. Ne6+ 1-0

[Event "NOR-ch U16"]
[Site "Larvik"]
[Date "2019.07.12"]
[Round "8"]
[White "Grave, Jacob Templen"]
[Black "Strand, Amund Pihl"]
[Result "1-0"]
[WhiteElo "1800"]
[BlackElo "1665"]
[PlyCount "81"]
[EventDate "2019.07.05"]
[EventType "swiss"]
[EventRounds "9"]
[EventCountry "NOR"]
[SourceTitle "EXT 2024"]
[Source "ChessBase"]
[SourceDate "2023.10.10"]
[SourceVersion "1"]
[SourceVersionDate "2023.10.10"]
[SourceQuality "1"]

1. d4 Nf6 2. c4 e6 3. Nc3 Bb4 4. e3 c5 5. a3 Bxc3+ 6. bxc3 b6 7. Bd3 Bb7 8. f3 d5 9. cxd5 exd5 10. Ne2 0-0 11. 0-0 Re8 12. Ng3 cxd4 13. cxd4 Nc6 14. Bd2 a5 15. Qa4 Re6 16. Rfc1 Ne7 17. Rab1 Bc6 18. Qb3 Rb8 19. Bxa5 Ba4 20. Qxa4 bxa5 21. Rxb8 Qxb8 22. Nf5 g6 23. Nxe7+ Rxe7 24. Qxa5 Rxe3 25. Qa6 Qb2 26. Qc8+ Kg7 27. Qc3 Qb6 28. Kf2 Re6 29. Rb1 Qd6 30. g3 Qe7 31. Qb4 Qa7 32. a4 Nd7 33. a5 Nb8 34. Qc5 Qa8 35. Qc7 Nc6 36. a6 Re7 37. Qb6 Ra7 38. Rc1 Nb8 39. Rc8 Rxa6 40. Bxa6 Qxa6 41. Rxb8 1-0

[Event "NOR-ch U16"]
[Site "Larvik"]
[Date "2019.07.05"]
[Round "1"]
[White "Strand, Amund Pihl"]
[Black "Unneland, Mathias"]
[Result "0-1"]
[WhiteElo "1665"]
[BlackElo "2008"]
[PlyCount "72"]
[EventDate "2019.07.05"]
[EventType "swiss"]
[EventRounds "9"]
[EventCountry "NOR"]
[SourceTitle "EXT 2024"]
[Source "ChessBase"]
[SourceDate "2023.10.10"]
[SourceVersion "1"]
[SourceVersionDate "2023.10.10"]
[SourceQuality "1"]

1. d4 Nf6 2. Bf4 c5 3. c3 Qb6 4. Qb3 Qxb3 5. axb3 cxd4 6. cxd4 Nc6 7. Nf3 e6 8. Nc3 Bb4 9. e3 Nd5 10. Rc1 Nxf4 11. exf4 d5 12. Bb5 0-0 13. 0-0 Na5 14. Na2 Bd6 15. b4 a6 16. bxa5 axb5 17. b4 Bxf4 18. Rc5 Bd7 19. Ne5 Bxe5 20. dxe5 Rfc8 21. Rxc8+ Rxc8 22. Rc1 f6 23. f4 g5 24. g3 Kf7 25. Kf2 gxf4 26. gxf4 Kg6 27. Rxc8 Bxc8 28. Nc1 fxe5 29. fxe5 Kf5 30. Nd3 Ke4 31. Ke2 Kd4 32. Kd2 Kc4 33. Kc2 h5 34. h4 Kd4 35. Kd2 Ke4 36. Ke2 d4 0-1

[Event "Molde Rosecupen A"]
[Site "Molde"]
[Date "2018.06.02"]
[Round "3.3"]
[White "Strand, Amund Pihl"]
[Black "Jorgensen, Bengt Arne"]
[Result "1-0"]
[WhiteElo "1649"]
[BlackElo "1809"]
[PlyCount "55"]
[EventDate "2018.06.02"]
[EventType "swiss"]
[EventRounds "6"]
[EventCountry "NOR"]
[SourceTitle "EXT 2024"]
[Source "ChessBase"]
[SourceDate "2023.10.10"]
[SourceVersion "1"]
[SourceVersionDate "2023.10.10"]
[SourceQuality "1"]

1. d4 Nf6 2. Bf4 e6 3. Nf3 c5 4. c3 Nc6 5. e3 h6 6. Nbd2 Nh5 7. Bg3 Nxg3 8. hxg3 cxd4 9. exd4 d5 10. Bd3 Qc7 11. 0-0 Bd6 12. c4 Nb4 13. Be2 dxc4 14. Nxc4 Nd5 15. Rc1 Bd7 16. Qb3 Ke7 17. Nfe5 Rhb8 18. Rfe1 Bb4 19. Ne3 Qa5 20. N5c4 Qa4 21. Nxd5+ exd5 22. Qe3+ Kf8 23. Nd2 Re8 24. Qd3 Bf5 25. Qxf5 Bxd2 26. Bh5 Rxe1+ 27. Rxe1 f6 28. Qe6 1-0

[Event "Molde Rosecupen A"]
[Site "Molde"]
[Date "2018.06.01"]
[Round "2.5"]
[White "Hausken, Andreas Skrede"]
[Black "Strand, Amund Pihl"]
[Result "1/2-1/2"]
[WhiteElo "1685"]
[BlackElo "1649"]
[PlyCount "78"]
[EventDate "2018.06.01"]
[EventType "swiss (rapid)"]
[EventRounds "6"]
[EventCountry "NOR"]
[SourceTitle "EXT 2024"]
[Source "ChessBase"]
[SourceDate "2023.10.10"]
[SourceVersion "1"]
[SourceVersionDate "2023.10.10"]
[SourceQuality "1"]

1. e4 c5 2. Nc3 Nc6 3. g3 g6 4. Bg2 Bg7 5. d3 d6 6. Be3 Nf6 7. h3 0-0 8. Qd2 Rb8 9. a4 a6 10. Bh6 Nd4 11. Bxg7 Kxg7 12. Nge2 Nxe2 13. Nxe2 b5 14. axb5 axb5 15. b4 c4 16. d4 Bb7 17. Nc3 Qd7 18. 0-0 Ra8 19. f4 Bc6 20. d5 Bb7 21. Qd4 Kg8 22. Qb6 Rab8 23. Qd4 Ra8 24. Rfb1 Ra6 25. Rxa6 Bxa6 26. Ra1 Ra8 27. Qb6 Qc8 28. Nxb5 Bxb5 29. Rxa8 Qxa8 30. Qxb5 Qa1+ 31. Kh2 Qc3 32. Qa4 Qd4 33. Qa8+ Kg7 34. Qb7 Nxe4 35. Qxe7 Nd2 36. Qxd6 Qf2 37. Qe5+ Kg8 38. Qe8+ Kg7 39. Qe5+ Kg8 1/2-1/2

[Event "Alesund Grand Prix A"]
[Site "Alesund"]
[Date "2018.04.08"]
[Round "5"]
[White "Strand, Amund Pihl"]
[Black "Gaustad, Erlend"]
[Result "1/2-1/2"]
[WhiteElo "1616"]
[BlackElo "1892"]
[PlyCount "46"]
[EventDate "2018.04.07"]
[EventType "swiss"]
[EventRounds "6"]
[EventCountry "NOR"]
[SourceTitle "EXT 2024"]
[Source "ChessBase"]
[SourceDate "2023.10.10"]
[SourceVersion "1"]
[SourceVersionDate "2023.10.10"]
[SourceQuality "1"]

1. d4 Nf6 2. Bf4 d5 3. e3 c5 4. c3 Nc6 5. Nf3 Qb6 6. Qb3 c4 7. Qc2 Bf5 8. Qc1 h6 9. Nbd2 e6 10. h3 Be7 11. Be2 0-0 12. 0-0 Qd8 13. b3 cxb3 14. axb3 a5 15. Ne5 Nxe5 16. Bxe5 Bd6 17. Nf3 Bxe5 18. Nxe5 Qc7 19. Qb2 Nd7 20. Nxd7 Qxd7 21. Qd2 b5 22. Ra2 Rfc8 23. Rfa1 Qc7 1/2-1/2